LEADER 01171nam a2200301 u 4500 001 000000014184 003 CaOOAMICUS 005 20070226105732.0 008 930728s1967 it ab u000 u ita u 035 $a10337236 040 $aPUL(R)$bita 041 1 $aita$hger 245 00$aPreistoria /$ca cura di Marie-Henriette Alimen e Marie-Joseph Steve. 260 $aMilano :$bFeltrinelli,$c1967. 300 $a438 p. ;$c20 cm 490 1 $aStoria universale Feltrinelli ;$v1 500 $aEd. orig.: Fischer Weltgeschichte 1: Vorgeschichte. 500 $aInclude indici. 650 4$aPreistoria.$0(OLS)http://pul/subject/10019 700 1 $aSteve, Marie-Joseph.$0(OLS)http://pul/name/13190 700 1 $aAlimen, Marie-Henriette.$0(OLS)http://pul/name/13189 830 0$aStoria universale Feltrinelli ;$v1.$0(OLS)http://pul/title/20414 850 $aPUL 852 $aPUL$W1$xSL Filosofia 1$y2$m99 H 5$j19927$nBK-PRI$b $qStampati$B19927$CPULBib$Z2$F19927 $H $81 941 1 $a8 961 $aINV: 45103 996 $6245$aPreistoria$9(OLS)http://pul/title/20413 996 $6260$aMilano :$bFeltrinelli$9(OLS)http://pul/publisher/48846 LEADER 01673nam a2200397 u 4500 001 000000027041 003 CaOOAMICUS 005 20070226111638.0 008 960103s1950 it u000 u ita u 035 $a10701510 040 $aPUL$bita$dPUL(R) 041 1 $aita$hfre 100 1 $aGilson, Etienne,$d1884-1978.$0(OLS)http://pul/name/629 240 10$aHeloïse et Abelard.$lfre.$0(OLS)http://pul/title/37079 245 10$aEloisa e Abelardo /$c[traduzione di Giovanni Cairola]. 260 $aTorino :$bEinaudi,$c1950. 300 $a229 p. ;$c20 cm 490 1 $aSaggi ;$v129 500 $aComprende indici. 504 $aBibliografia in nota. 600 14$aAbaelardus, Petrus,$d1079-1142.$0(OLS)http://pul/subject/3036 600 04$aHéloïse,$d1101-1164.$0(OLS)http://pul/subject/7495 650 4$aFilosofia medievale.$0(OLS)http://pul/subject/139 650 4$aNaturalismo antico.$0(OLS)http://pul/subject/15725 830 0$aSaggi (Einaudi) ;$v129.$0(OLS)http://pul/title/9841 850 $aPUL 852 $aPUL$W1$xDP1 Fondo Maccarrone$y58$m1503 A 10$j37694$nBK-PRI$b $qFondi$B37694$CPULBib$Z2$F37694 $H $81 852 $aPUL$W1$xDP1 Religione 1$y20$m481 C 4$j37695$nBK-PRI$b $qStampati$B37695$CPULBib$Z2$F37695 $H $81 941 1 $a8 941 1 $a1 960 $aAbelard, Peter$d1079-1142$93036 960 $aAbelardo, Pietro,$d1079-1142$93036 960 $aFilosofia medioevale$9139 961 $aINV: 00825 -- Fondo Mons. M. Maccarrone 996 $6245$aEloisa e Abelardo$9(OLS)http://pul/title/37080 996 $6260$aTorino :$bEinaudi$9(OLS)http://pul/publisher/48130 LEADER 01517nam a2200277 u 4500 001 000000066279 003 CaOOAMICUS 005 20070226121546.0 008 020110s1969 it u000 u fre u 035 $a10915974 040 $aPUL(R)$bita 245 02$aL'analyse du langage théologique le nom de Dieu :$bactes du colloque organisé par le Centre International d'Etudes Humanistes et par l'Istitut d'Etudes Philosophiques de Rome, Rome, 5-11 janvier 1969 /$caux soins de Enrico Castelli ; [par] E. Castelli ... [et al.]. 260 $aParis :$bAubier-Montaigne,$cc1969. 300 $a528 p. ;$c25 cm 504 $aBibliografia in nota. 650 4$aDio$xNome.$0(OLS)http://pul/subject/22766 650 4$aReligione.$0(OLS)http://pul/subject/4402 700 1 $aCastelli, Enrico,$cconte,$d1900-1977.$0(OLS)http://pul/name/669 710 2 $aIstituto di studi filosofici.$0(OLS)http://pul/name/672 710 2 $aCentro internazionale di studi umanistici (Roma).$0(OLS)http://pul/name/670 850 $aPUL 852 $aPUL$W1$xSL Filosofia 1$y2$m97 F 5$j85693$nBK-PRI$b $qStampati$B85693$CPULBib$Z2$F85693 $H $81 941 1 $a8 961 $aINV: 46120 996 $6245$aL'analyse du langage théologique le nom de Dieu :$bactes du colloque organisé par le Centre International d'Etudes Humanistes et par l'Istitut d'Etudes Philosophiques de Rome, Rome, 5-11 janvier 1969$9(OLS)http://pul/title/88025 996 $6260$aParis :$bAubier-Montaigne$9(OLS)http://pul/publisher/47976 LEADER 01124nam a2200277 a 4500 001 000000140166 003 CaOOAMICUS 005 20141023115624.0 008 141023s2014 enkaf u000 u eng r 020 $z9780852448311* 040 $aPUL$bita 082 04$a195 100 1 $aHill, John Michael.$0(OLS)http://pul/name/90393 245 10$aAntonio Rosmini :$bpersecuted prophet /$cJohn Michael Hill. 260 $aLeominster :$bGracewing,$c2014. 300 $axiv, 287 p., [8] c. di tav. :$bill. ;$c23 cm 504 $aBibliografia p. [279]-281. 600 14$aRosmini Serbati, Antonio,$cI.D.C.,$d1797-1855$xBiografia.$0(OLS)http://pul/subject/38681 850 $aPUL 852 $aPUL$W1$xSL Filosofia 3$y81$m195 HILJO 1$j161989$qDDC 21$B161433$CPULBib$Z2$F161433 $H124829 $82 941 1 $a9 996 $6020$z9780852448311*$9(OLS)http://pul/number/156169 996 $6082$a195$9(OLS)http://pul/classification/342 996 $6245$aAntonio Rosmini :$bpersecuted prophet$9(OLS)http://pul/title/177426 996 $6260$aLeominster :$bGracewing$9(OLS)http://pul/publisher/69869 LEADER 01696nam a2200373 a 4500 001 000000142422 003 CaOOAMICUS 005 20150323125337.0 008 150323s2015 it u000 u ita r 020 $a978-88-598-1147-3 040 $aPUL$bita 082 04$a346.45 110 1 $aItalia.$0(OLS)http://pul/name/1188 240 10$aCodice delle successioni e donazioni (2015).$0(OLS)http://pul/title/180269 245 00$aCodice delle successioni e donazioni /$ca cura di Giovanni Bonilini, Massimo Confortini e Gennaro Mariconda ; coordinato da Vincenzo Barba ... [et al.]. 260 $aTorino :$bUTET Giuridica,$c©2015. 300 $aLXIX, 2580 p. ;$c22 cm 490 1 $aCodici notarili commentati 500 $aTesto su due colonne. 504 $aBibliografia in nota. 650 4$aSuccessione (diritto)$vManuali, trattati.$0(OLS)http://pul/subject/35632 700 1 $aMariconda, Gennaro.$0(OLS)http://pul/name/75981 700 1 $aBonilini, Giovanni.$0(OLS)http://pul/name/29216 700 1 $aConfortini, Massimo.$0(OLS)http://pul/name/53666 700 1 $aBarba, Vincenzo.$0(OLS)http://pul/name/65680 830 0$aCodici notarili commentati.$0(OLS)http://pul/title/175095 850 $aPUL 852 $aPUL$W1$xSL Diritto e Scienze Sociali 3$y79$m346. 45 BONGI 3$j164330$qDDC 21$B164499$CPULBib$Z2$F164499 $H125565 $82 941 1 $a9 996 $6020$a978-88-598-1147-3$9(OLS)http://pul/number/157238 996 $6082$a346.45$9(OLS)http://pul/classification/372 996 $6245$aCodice delle successioni e donazioni$9(OLS)http://pul/title/168575 996 $6260$aTorino :$bUTET Giuridica$9(OLS)http://pul/publisher/79191 LEADER 01170nam a2200265 u 4500 001 000000111653 003 CaOOAMICUS 005 20080516105237.0 008 080516s2008 it u000 u ita u 020 $z978-88-8402-611-8* 040 $aPUL(R)$bita$dBc 100 1 $aRicci, Saverio.$0(OLS)http://pul/name/53075 245 10$aInquisitori, censori, filosofi sullo scenario della Controriforma /.$cSaverio Ricci. 260 $aRoma :$bSalerno,$c2008. 300 $a426 p. ;$c21 cm. 490 1 $aPiccoli saggi ;$v36. 650 4$aControriforma$ySec. XVI-XVII.$0(OLS)http://pul/subject/13378 650 4$aControriforma$zItalia.$0(OLS)http://pul/subject/3444 830 0$aPiccoli saggi (Salerno editrice) ;$v36.$0(OLS)http://pul/title/104372 850 $aPUL 852 $aPUL$W1$xSL Religione 3$y85$m270. 6 RICSA 1$j127975$qDDC 21$B126691$CPULBib$Z2$F126691 $H106960 $82 941 1 $a9 996 $6020$z978-88-8402-611-8*$9(OLS)http://pul/number/138051 996 $6245$aInquisitori, censori, filosofi sullo scenario della Controriforma /.$9(OLS)http://pul/title/140443 996 $6260$aRoma :$bSalerno$9(OLS)http://pul/publisher/61304